000
00331 a2200169 4500
001
182240
020
_a
85-08-04077-7
040
_c
Magnum
100
_a
Alencar, José de
240
1
0
_a
Iracema
_l
por
245
1
0
_a
Iracema
300
_a
87
362
0
_a
1992
440
1
_a
Ática
697
_a
LITERATURA GERAL
942
_c
BK
999
_c
182240
_d
182240